Online
Catalog

American history : (Record no. 20217)

MARC details
000 -CABECERA
campo de control de longitud fija 00465nam a2200157 u 4500
001 - NÚMERO DE CONTROL
campo de control 000020713
005 - FECHA Y HORA DE LA ÚLTIMA TRANSACCIÓN
campo de control 20200930011141.0
008 - DATOS DE LONGITUD FIJA--INFORMACIÓN GENERAL
campo de control de longitud fija 100813s2001 xxu r 000 0 spa d
020 ## - NÚMERO INTERNACIONAL ESTÁNDAR DEL LIBRO
Número Internacional Estándar del Libro 078216133
040 ## - FUENTE DE LA CATALOGACIÓN
Centro catalogador/agencia de origen DO-SdBNP
Lengua de catalogación spa
Centro/agencia transcriptor BPJMB
082 ## - NÚMERO DE LA CLASIFICACIÓN DECIMAL DEWEY
Número de clasificación xxxx
Número de documento/Ítem R598a
100 1# - ENTRADA PRINCIPAL--NOMBRE DE PERSONA
Nombre de persona Ritchie, Donald A.
9 (RLIN) 43461
245 10 - MENCIÓN DE TÍTULO
Título American history :
Resto del título the modern era since 1865 /
Mención de responsabilidad, etc. Donald A. Ritchie.
260 ## - PUBLICACIÓN, DISTRIBUCIÓN, ETC.
Lugar de publicación, distribución, etc. New York :
Nombre del editor, distribuidor, etc. McGraw-Hill ,
Fecha de publicación, distribución, etc. 2001.
300 ## - DESCRIPCIÓN FÍSICA
Extensión 934 p. :
Otras características físicas il. ;
Dimensiones 28 cm.

No items available.

Powered by Koha